00620nam a2200193 a 450000100100000000500170001000800410002702000180006804000250008608200170011110000290012824500470015726000470020430000210025149000150027250000700028750000540035783000150041100004181820201002035755.0131018s1998 ck 000 0 spa d a9789580443803 aDO-SdBNPbspacBNPHU axxxxxbxxxxx1 aAguierre, Sergio,d1961-13aLa venganza de la vaca /cSergio Aguierre. aBogotá :bNorma infantil-juvenil,c1998. a114 p. ;c21 cm.1 aZona libre aIncluye datos biográficos del autor en la solapa de la cubierta aLa biblioteca posee la 5ta reimpresión del 2005 0aZona libre